| 000 | 00359nam a2200145Ia 4500 | ||
|---|---|---|---|
| 008 | 210210b1995 xxu||||| |||| 00| 0 eng d | ||
| 082 | _a539 THEM | ||
| 100 | _aTHERAJA (B L). | ||
| 245 | _aModern physics. Ed 15. | ||
| 260 |
_aN D _bS. Chand & Co. Ltd. _c1995 |
||
| 300 | _aviii,422 | ||
| 650 | _aModern Physics | ||
| 690 | _aModern Physics | ||
| 906 | _a051096 | ||
| 999 |
_c99538 _d99538 |
||